|
|
|
|
| LEADER |
00000naa2a2200000 4500 |
| 001 |
152686 |
| 005 |
20231031151119.0 |
| 035 |
|
|
|a (RuTPU)RU\TPU\book\165544
|
| 090 |
|
|
|a 152686
|
| 100 |
|
|
|a 20090204d2008 k y0rusy50 ca
|
| 101 |
0 |
|
|a rus
|
| 102 |
|
|
|a RU
|
| 200 |
1 |
|
|a Исследование системы пространственного отбора рассеяного излучения на базе пинхола
|f М. А. Мудров, Б. И. Капранов
|g науч. рук. Б. И. Капранов
|
| 320 |
|
|
|a Библиогр.: 2 назв.
|
| 461 |
|
1 |
|0 (RuTPU)RU\TPU\book\156858
|t Современные техника и технологии
|o 14 Международная научно-практическая конференция студентов, аспирантов и молодых ученых, г. Томск, 24-28 марта 2008 г.
|o труды
|o в 3 т.
|f Томский политехнический университет (ТПУ)
|d 2008
|
| 463 |
|
0 |
|0 (RuTPU)RU\TPU\book\155178
|t Т. 3
|v С. 259-262
|d 2008
|p 621 с.
|
| 610 |
1 |
|
|a излучение
|
| 610 |
1 |
|
|a рассеяное излучение
|
| 610 |
1 |
|
|a системы пространственного отбора
|
| 610 |
1 |
|
|a пространственный отбор
|
| 610 |
1 |
|
|a неразрушающий контроль
|
| 610 |
1 |
|
|a пинхол
|
| 610 |
1 |
|
|a визуализация
|
| 610 |
1 |
|
|a комптоновская томография
|
| 610 |
1 |
|
|a сканирование
|
| 610 |
1 |
|
|a сканирующие системы
|
| 610 |
1 |
|
|a труды учёных ТПУ
|
| 700 |
|
1 |
|a Мудров
|b М. А.
|c специалист в области неразрушающего контроля
|c ведущий инженер Томского политехнического университета
|f 1986-
|g Михаил Анатольевич
|2 stltpush
|3 (RuTPU)RU\TPU\pers\28184
|
| 701 |
|
1 |
|a Капранов
|b Б. И.
|c российский учёный в области физических методов и приборов контроля качества
|c профессор Томского политехнического университета, доктор технических наук
|f 1941-
|g Борис Иванович
|2 stltpush
|3 (RuTPU)RU\TPU\pers\26476
|
| 702 |
|
1 |
|a Капранов
|b Б. И.
|4 727
|
| 801 |
|
1 |
|a RU
|b 63413507
|c 20090204
|g PSBO
|
| 801 |
|
2 |
|a RU
|b 63413507
|c 20150812
|g RCR
|
| 942 |
|
|
|c BK
|